Kindle Fire HDX for dummies
Whether you want to use your new Kindle Fire HDX for work, play, or a little of both, you'll do it all with this easy-to-read reference. From navigating the touchscreen display and getting to know the built-in apps, to accessibility features and the X-Ray feature, this guide has everything you...
Guardat en:
| Autor principal: | |
|---|---|
| Altres autors: | , |
| Format: | Llibre |
| Idioma: | English |
| Publicat: |
Hoboken, NJ
John Wiley & Sons
2014.
|
| Col·lecció: | For dummies
|
| Matèries: | |
| Etiquetes: |
Afegir etiqueta
Sense etiquetes, Sigues el primer a etiquetar aquest registre!
|
| Thư viện lưu trữ: | Mạng thư viện Đại học Đà Nẵng |
|---|
| LEADER | 01557nam a2200385 4500 | ||
|---|---|---|---|
| 001 | 000024487 | ||
| 003 | 20975 | ||
| 005 | 20161212141236.0 | ||
| 008 | 161212s2014 engsd | ||
| 020 | |a 1118772652 (pbk.) |a 9781118772652 (pbk.) | ||
| 041 | 0 | |a eng | |
| 082 | 1 | 4 | |a 004.165 |b MU-N |
| 100 | 1 | |a Muir, Nancy |d 1954- |q (Laura Ann) | |
| 245 | 1 | 0 | |a Kindle Fire HDX for dummies |c by Nancy C. Muir. |
| 260 | |a Hoboken, NJ |b John Wiley & Sons |c 2014. | ||
| 300 | |a xii, 265 p. |b col. ill. |c 24 cm. | ||
| 490 | |a For dummies | ||
| 500 | |a Includes index. |a "Also covers the Kindle Fire HD!"--Cover. | ||
| 520 | 3 | |a Whether you want to use your new Kindle Fire HDX for work, play, or a little of both, you'll do it all with this easy-to-read reference. From navigating the touchscreen display and getting to know the built-in apps, to accessibility features and the X-Ray feature, this guide has everything you need to know. | |
| 650 | 0 | |a Kindle Fire (Computer) | |
| 650 | 0 | |a Tablet computers. | |
| 650 | 0 | |a Pocket computers. | |
| 653 | |a Computer | ||
| 700 | 1 | |d 1906-1998. | |
| 700 | 1 | |d 1970- | |
| OWN | |a LSP | ||
| AVA | |a UDN50 |b LSP |d 004.165 MU-N |e available |t Error 5001 Not defined in file expand_doc_bib_avail. |f 1 |g 0 |h N |i 0 |k 1 | ||
| 999 | |a From the UDN01 | ||
| AVA | |a UDN50 |b LSP |d 004.165 MU-N |e available |t Error 5001 Not defined in file expand_doc_bib_avail. |f 1 |g 0 |h N |i 0 |k 1 | ||
| TYP | |a Monograph | ||
| TYP | |a Printed language | ||
| 980 | |a Mạng thư viện Đại học Đà Nẵng | ||


